Palacio de Malacañang / (Record no. 72357)
[ view plain ]
| 000 -LEADER | |
|---|---|
| fixed length control field | 01100nam a22003017i 4500 |
| 003 - CONTROL NUMBER IDENTIFIER | |
| control field | URS |
| 005 - DATE AND TIME OF LATEST TRANSACTION | |
| control field | 20230817125825.0 |
| 008 - FIXED-LENGTH DATA ELEMENTS--GENERAL INFORMATION | |
| fixed length control field | 180427b xxu||||| |||| 00| 0 eng d |
| 040 ## - CATALOGING SOURCE | |
| Original cataloging agency | DML |
| Description conventions | rda |
| Transcribing agency | DML |
| Modifying agency | URS |
| Language of cataloging | eng |
| 041 ## - LANGUAGE CODE | |
| Language code of text/sound track or separate title | eng |
| 042 ## - AUTHENTICATION CODE | |
| Authentication code | DMLUC |
| 050 14 - LIBRARY OF CONGRESS CALL NUMBER | |
| Classification number | DS689.M2.M35 |
| Item number | J574 2002 |
| 100 1# - MAIN ENTRY--PERSONAL NAME | |
| Personal name | Joaquin, Nick |
| Dates associated with a name | 1917- |
| Relator term | author. |
| 245 10 - TITLE STATEMENT | |
| Title | Palacio de Malacañang / |
| Statement of responsibility, etc. | by Nick Joaquin. |
| 246 1# - VARYING FORM OF TITLE | |
| Title proper/short title | Subtitle on added title page title: 200 years of a ruling house |
| 264 #1 - PRODUCTION, PUBLICATION, DISTRIBUTION, MANUFACTURE, AND COPYRIGHT NOTICE | |
| Place of production, publication, distribution, manufacture | [Manila] : |
| Name of producer, publisher, distributor, manufacturer | Society for the Preservation of Philippine Culture, |
| Date of production, publication, distribution, manufacture, or copyright notice | [date of publication not identified]. |
| 264 #4 - PRODUCTION, PUBLICATION, DISTRIBUTION, MANUFACTURE, AND COPYRIGHT NOTICE | |
| Date of production, publication, distribution, manufacture, or copyright notice | ©2002. |
| 300 ## - PHYSICAL DESCRIPTION | |
| Extent | 367 pages : |
| Other physical details | illustrations ; |
| Dimensions | 29 cm. |
| 336 ## - CONTENT TYPE | |
| Source | rdacontent |
| Content type term | text |
| 337 ## - MEDIA TYPE | |
| Source | rdamedia |
| Media type term | unmediated |
| 338 ## - CARRIER TYPE | |
| Source | rdacarrier |
| Carrier type term | volume |
| 500 ## - GENERAL NOTE | |
| General note | Bookjacket half title: 200 years of a ruling house. |
| 610 20 - SUBJECT ADDED ENTRY--CORPORATE NAME | |
| 9 (RLIN) | 1093 |
| Corporate name or jurisdiction name as entry element | Malacañan Palace (Manila, Philippines) |
| 691 #4 - LOCAL SUBJECT ADDED ENTRY--GEOGRAPHIC NAME (RLIN) | |
| Geographic name | Malacanang Palace |
| General subdivision | History. |
| 710 2# - ADDED ENTRY--CORPORATE NAME | |
| Corporate name or jurisdiction name as entry element | Society for the Preservation of Philippine Culture, Inc. |
| 740 ## - ADDED ENTRY--UNCONTROLLED RELATED/ANALYTICAL TITLE | |
| Uncontrolled related/analytical title | Palacio de Malacanang : 200 years of a ruling house. |
| 942 ## - ADDED ENTRY ELEMENTS (KOHA) | |
| Source of classification or shelving scheme | Library of Congress Classification |
| Koha item type | Filipiniana |
| Withdrawn status | Source of classification or shelving scheme | Damaged status | Not for loan | Collection code | Home library | Current library | Shelving location | Date acquired | Total Checkouts | Full call number | Barcode | Date last seen | Price effective from | Koha item type |
|---|---|---|---|---|---|---|---|---|---|---|---|---|---|---|
| Library of Congress Classification | Non-fiction | Tanay College Library | Tanay College Library | General Stacks | 04/27/2018 | DS689.M2.M35 J574 2002 | URSTAN-D1620 | 04/27/2018 | 04/27/2018 | Filipiniana |